| 000 | 01122nam a22002657a 4500 | ||
|---|---|---|---|
| 999 |
_c64627 _d64627 |
||
| 005 | 20240530110741.0 | ||
| 008 | 180926s2017 ua afhkf b 000 0 ara d | ||
| 017 |
_a2015/20937 _bمصر. دار الكتب |
||
| 020 | _a9789777353625 | ||
| 040 |
_aEG-CaGPL _cEG-CaGPL |
||
| 082 | 0 | 4 |
_221 _a704.9481 / _bك م |
| 100 | 0 | _aكمال عنانى اسماعيل | |
| 245 | 1 | 0 |
_aموسوعة الفنون الاسلامية فى الاندلس / _cتاليف كمال عنانى اسماعيل، حنان عبدالفتاح مطاوع |
| 250 | _aط.1 | ||
| 260 |
_aالاسكندرية : _bدار الوفاء لدنيا الطباعة و النشر ، _c2017. |
||
| 300 |
_a824 ص. : _bايض ؛ _c24 سم |
||
| 504 | _aيشتمل على ارجاعات ببليوجرافية | ||
| 650 | 0 | 7 |
_2qrmak _aالفن الاسلامى |
| 650 | 0 | 7 |
_2qrmak _aالاثار الاسلامية |
| 650 | 0 | 7 |
_2qrmak _aالعمارة الاسلامية فى الاندلس |
| 651 | _2qrmak | ||
| 700 |
_aحنان عبدالفتاح مطاوع _eمؤلف مشارك |
||
| 942 |
_2ddc _cBK |
||